| 000 | 00581nam a22001817a 4500 | ||
|---|---|---|---|
| 005 | 20241108144937.0 | ||
| 008 | 241108b |||||||| |||| 00| 0 eng d | ||
| 020 | _a9780273649281 | ||
| 050 |
_aHB615 _b.B53 BIR |
||
| 100 | _aBirley Sue | ||
| 245 |
_aMastering Entrepreneurship _bYour single-source guide to becoming a master of entrepreneurship _cSue Birley & Dan Muzyka |
||
| 260 |
_aLondon; _bPearson Education Ltd.; _c2000; |
||
| 300 |
_axiv. 418p.; _bill. _c24 cm x 19 cm |
||
| 500 | _aIncludes Index | ||
| 650 | _2Entrepreneurship | ||
| 700 | _aMuzyka Dan | ||
| 942 |
_2lcc _cBK _n0 |
||
| 999 |
_c891 _d891 |
||